Utah County Seats - Statistics

General Stats
  • This quiz has been taken 45 times
  • The average score is 19 of 29
Answer Stats
County County Seat % Correct
Salt Lake Salt Lake City
96%
Utah Provo
88%
Beaver Beaver
85%
Cache Logan
85%
Grand Moab
85%
Washington St. George
85%
Box Elder Brigham City
81%
Weber Ogden
81%
Tooele Tooele
81%
Duchesne Duchesne
77%
Davis Farmington
77%
Morgan Morgan
73%
San Juan Monticello
65%
Millard Fillmore
62%
Kane Kanab
62%
Juab Nephi
62%
Carbon Price
62%
Uintah Vernal
62%
Sevier Richfield
54%
Summit Coalville
50%
Wasatch Heber City
50%
Daggett Manila
50%
Garfield Panguitch
50%
Emery Castle Dale
46%
Sanpete Manti
42%
Iron Parowan
42%
Wayne Loa
38%
Piute Junction
35%
Rich Randolph
35%
No matching quizzes found
Score Distribution
Percent of People with Each Score
Percentile by Number Answered
Your Score History
You have not taken this quiz